=LDR 00000nam 2200000 4500 =001 INLIS000000000050096 =005 20170419093558.0 =006 =007 =008 =020 ##$$a 978-602-98045-3-9 =035 ##$$0010-041700000000286 =040 ##$$a NBPDMAT =082 ##$$a 420 =090 ##$$a 420 $b Per i =100 ##$$a Permanasari, Mahardika Dhian =245 ##$$a Intisari komplit pelajaran bahasa Inggris / $c Mahardika Dhian Permanasari =260 ##$$a Yogyakarta $b Bangkit $c 2014 =300 ##$$a viii, 122 hlm $b ilus $c 23 cm. =650 ##$$a BAHASA INGGRIS =850 ##$$a NBPDMAT